[Event "Mallorca-ch D1"]
[Site "Palma de Mallorca"]
[Date "2000.10.28"]
[Round "2"]
[White "Canyelles Frau, Josep"]
[Black "Torrens, Juan A"]
[Result "1-0"]
[WhiteElo "2052"]
[BlackElo "1945"]
[PlyCount "89"]
[EventDate "2000.??.??"]
[EventType "swiss"]
[EventRounds "8"]
[EventCountry "ESP"]
[SourceTitle "EXT 2003"]
[Source "ChessBase"]
[SourceDate "2002.11.25"]
[SourceVersion "1"]
[SourceVersionDate "2002.11.25"]
[SourceQuality "1"]

1. e4 c6 2. d4 d5 3. Nc3 dxe4 4. Nxe4 Bf5 5. Ng3 Bg6 6. Nf3 Nd7 7. h4 h6 8. h5 Bh7 9. Bd3 Bxd3 10. Qxd3 Ngf6 11. 0-0 Qc7 12. c4 e6 13. Re1 0-0-0 14. Qe2 c5 15. Ne5 Nb6 16. dxc5 Bxc5 17. Bf4 Rd4 18. Qf3 Rg8 19. Ne2 Re4 20. Nc3 Rxf4 21. Qxf4 a6 22. Ne4 Nxh5 23. Qxf7 Qxf7 24. Nxf7 Bd4 25. Red1 e5 26. c5 Nd5 27. Nfd6+ Kc7 28. g3 Rf8 29. Kg2 Nhf6 30. Nxf6 Nxf6 31. Rd2 Ng4 32. Ne4 Nf6 33. Nxf6 Rxf6 34. f4 Bxc5 35. fxe5 Re6 36. Rd5 b6 37. Rad1 Kc6 38. Kf3 Re7 39. Ke4 g6 40. a3 a5 41. Rc1 Kb7 42. Rcxc5 bxc5 43. Rd6 Rg7 44. Kd5 h5 45. Ke6 1-0